កុមារពងទាប្រៃ : (Record no. 17)

MARC details
000 -LEADER
fixed length control field 00777nam a22002417a 4500
001 - CONTROL NUMBER
control field 17
003 - CONTROL NUMBER IDENTIFIER
control field FISKH
005 - DATE AND TIME OF LATEST TRANSACTION
control field 20250916122648.0
008 - FIXED-LENGTH DATA ELEMENTS--GENERAL INFORMATION
fixed length control field 230106b |||||||| |||| 00| 0 eng d
020 ## - INTERNATIONAL STANDARD BOOK NUMBER
International Standard Book Number 9789996301278
040 ## - CATALOGING SOURCE
Original cataloging agency FISKH
Language of cataloging Eng
Transcribing agency FISKH
082 ## - DEWEY DECIMAL CLASSIFICATION NUMBER
Classification number 495.9
100 ## - MAIN ENTRY--PERSONAL NAME
Personal name Southeary, Kimsun
245 ## - TITLE STATEMENT
Title កុមារពងទាប្រៃ :
Remainder of title Salted egg child /
Statement of responsibility, etc. និពន្ធដោយ អ្នកស្រី គឹមស៊ុន សុធារី
260 ## - PUBLICATION, DISTRIBUTION, ETC.
Place of publication, distribution, etc. Phnom Penh​ :
Name of publisher, distributor, etc. Reading Book ,
Date of publication, distribution, etc. 2010 .
300 ## - PHYSICAL DESCRIPTION
Extent 20 pages;
Other physical details color illustrations;
Dimensions 25 cm.
490 ## - SERIES STATEMENT
Series statement ពិភពរឿងនិទាន
505 ## - FORMATTED CONTENTS NOTE
Formatted contents note J <br/>
521 ## - TARGET AUDIENCE NOTE
Target audience note 500
Source FISKH <br/>
521 ## - TARGET AUDIENCE NOTE
Target audience note J <br/>
Source Raz-Paz
700 ## - ADDED ENTRY--PERSONAL NAME
Personal name Sopheak, Van
Relator term Illustrator
942 ## - ADDED ENTRY ELEMENTS (KOHA)
Source of classification or shelving scheme Dewey Decimal Classification
Koha item type Khmer Books
Suppress in OPAC No
Holdings
Withdrawn status Lost status Source of classification or shelving scheme Damaged status Not for loan Collection Home library Current library Shelving location Date acquired Total Checkouts Full call number Barcode Date last seen Copy number Price effective from Koha item type
    Dewey Decimal Classification     Khmer-English Bilingual / ភាសាខ្មែរ-អង់គ្លេស Footprints International School Library Network Toul Kork Campus Footprints International School Library Network Toul Kork Campus TK Old Khmer Books (Rear Hallway Shelf 3) 01/06/2023   KIM 813 FISBK03858 10/02/2023 1 01/06/2023 Khmer Books
    Dewey Decimal Classification     Khmer-English Bilingual / ភាសាខ្មែរ-អង់គ្លេស Footprints International School Library Network Toul Kork Campus Footprints International School Library Network Toul Kork Campus TK Old Khmer Books (Rear Hallway Shelf 3) 01/06/2023   KIM 813 FISTK04501 08/26/2025 2 01/06/2023 Khmer Books
    Dewey Decimal Classification     Khmer-English Bilingual / ភាសាខ្មែរ-អង់គ្លេស Footprints International School Library Network Toul Tom Poung Campus Footprints International School Library Network Toul Tom Poung Campus TTP Primary Khmer Bookshelves 09/16/2025   KIM 813 FIS04129 09/16/2025 3 09/16/2025 Khmer Books
    Dewey Decimal Classification     Khmer-English Bilingual / ភាសាខ្មែរ-អង់គ្លេស Footprints International School Library Network Toul Tom Poung Campus Footprints International School Library Network Toul Tom Poung Campus TTP Primary Khmer Bookshelves 09/16/2025   KIM 813 FIS05260 09/16/2025 4 09/16/2025 Khmer Books